000 00688nam a2200217 a 4500
001 000029227
003 DO-SdBNP
005 20230116143818.0
007 ta
008 110414s2007 dr ac 000 0 spa d
040 _aDO-SdBNP
_bspa
_cBNPHU
049 _aBNPD
082 4 _bB213R
_222
110 2 _aBanco de Reservas de la República Dominicana
_96285
245 1 0 _aMemoria 2007.
260 _aSanto Domingo :
_bBanReservas,
_c[ 2007].
300 _a83 p. :
_bil., retrs. ;
_c30 cm.
586 _aPremio empresarial The Bizz Awards 2007 otorgado por la Confederación Mundial de Negocios, Houston, Estados Unidos de América
590 _aInventariado, 2023/BT
942 _2ddc
_cLBS1
999 _c28719
_d28719